| 000 | 00400nam a2200145Ia 4500 | ||
|---|---|---|---|
| 008 | 221007s9999 xx 000 0 und d | ||
| 041 | _aeng | ||
| 082 | _bSHA | ||
| 100 |
_aShah Premal - 2K101158 & Prof.Sunil Batra - Guide _9101909 |
||
| 245 | 2 | _aA Study on the Export Order Execution Process | |
| 260 |
_c2012 _bPune University _aPune |
||
| 300 | _a70p | ||
| 520 | _aBatra Sunil | ||
| 906 | _bGeneral | ||
| 999 |
_c69064 _d69064 |
||